[Event "TCh-TUR Super League 2014"]
[Site "Kocaeli TUR"]
[Date "2014.08.22"]
[Round "6.1"]
[Board "3"]
[White "Kerigan, Demre"]
[Black "Yurtseven, Ahmet Can"]
[Result "0-1"]
[WhiteTitle "FM"]
[BlackTitle "FM"]
[WhiteElo "2343"]
[BlackElo "2289"]
[WhiteTeam "Turk Hava Yollari Spor Kulubu"]
[BlackTeam "Tarsus Zeka Satranc Kulubu"]
[WhiteFideId "6307841"]
[BlackFideId "6300081"]
[EventDate "2014.08.18"]

1. e4 Nf6 2. Nc3 d5 3. exd5 Nxd5 4. Nf3 Nxc3 5. bxc3 g6 6. g3 Bg7 7. Bg2 O-O 8.
O-O Be6 9. Re1 Bd5 10. Ba3 Re8 11. Qe2 Nc6 12. Rab1 Rb8 13. Bc5 Bxa2 14. Ra1 Bd5
15. Bxa7 Ra8 16. Be3 Rxa1 17. Rxa1 e5 18. Ra4 Ne7 19. Ra5 b6 20. Ra7 Nc8 21. Ra4
Nd6 22. c4 Bc6 23. Ra3 Nf5 24. c3 e4 25. Ne1 Nxe3 26. Qxe3 Bf8 27. Ra1 Bc5 28.
Qe2 Re6 29. Nc2 Rd6 30. Rd1 Ba4 31. Bxe4 f5 32. Bd5+ Rxd5 33. cxd5 Bxc2 34. Qe6+
Kf8 35. Ra1 Bb3 36. Qe5 Bxd5 37. Ra7 Kg8 38. Rxc7 Bf7 39. Rb7 Qxd2 40. Rb8+ Bf8
41. Qe7 Qd1+ 42. Kg2 Bd5+ 43. Kh3 0-1

[Event "TCh-TUR Super League 2014"]
[Site "Kocaeli TUR"]
[Date "2014.08.22"]
[Round "6.1"]
[Board "4"]
[White "Goksel, Doga Cihan"]
[Black "Genc, Cihan Sevinc"]
[Result "1/2-1/2"]
[WhiteElo "2222"]
[BlackElo "2213"]
[WhiteTeam "Tarsus Zeka Satranc Kulubu"]
[BlackTeam "Turk Hava Yollari Spor Kulubu"]
[WhiteFideId "6301924"]
[BlackFideId "6304370"]
[EventDate "2014.08.18"]

1. Nf3 Nf6 2. c4 e6 3. g3 b6 4. Bg2 Bb7 5. O-O c5 6. d4 cxd4 7. Qxd4 Nc6 8. Qd2
d5 9. Rd1 Bc5 10. Nc3 O-O 11. cxd5 exd5 12. e3 Bb4 13. Qd3 Qe7 14. Bd2 Bc5 15.
a3 Rfd8 16. Ne2 a5 17. Ned4 Ne4 18. Nxc6 Bxc6 19. Be1 a4 20. Nd4 Bb7 21. Rac1 g6
22. Ne2 h5 23. Nc3 h4 24. Nxe4 dxe4 25. Qc2 Bc6 26. Bc3 Qe6 27. Rxd8+ Rxd8 28.
Rd1 Rxd1+ 29. Qxd1 hxg3 30. Qd8+ Qe8 31. Qh4 gxf2+ 32. Kxf2 f6 33. Bxf6 Kf7 34.
Bc3 Qf8 35. Ke1 Qd6 36. Bh3 Bd5 37. Qh7+ Ke8 38. Qh8+ Kf7 39. Qh7+ Ke8 40. Qh8+
Kf7 41. Qh7+ 1/2-1/2

[Event "TCh-TUR Super League 2014"]
[Site "Kocaeli TUR"]
[Date "2014.08.22"]
[Round "6.1"]
[Board "5"]
[White "Yaramis, Hakan"]
[Black "Ozkan, Ervin"]
[Result "1/2-1/2"]
[WhiteElo "2089"]
[BlackElo "2215"]
[WhiteTeam "Turk Hava Yollari Spor Kulubu"]
[BlackTeam "Tarsus Zeka Satranc Kulubu"]
[WhiteFideId "6304613"]
[BlackFideId "6306004"]
[EventDate "2014.08.18"]

1. d4 d5 2. Nf3 Nf6 3. c4 c6 4. Nc3 a6 5. e3 b5 6. b3 Bg4 7. Be2 e6 8. Bb2 Nbd7
9. h3 Bf5 10. Nh4 bxc4 11. Nxf5 exf5 12. bxc4 Rb8 13. Rb1 Qa5 14. O-O Rxb2 15.
Rxb2 Qxc3 16. Rc2 Qa5 17. cxd5 Qxd5 18. Bxa6 Bd6 19. Bb7 Nb8 20. Qf3 Ne4 21.
Rfc1 O-O 22. Bxc6 Nxc6 23. Rxc6 g6 24. Qe2 Ba3 25. R1c2 Kg7 26. Qa6 Be7 27. Qb7
Bd6 28. Qa6 Rb8 29. Qf1 f4 30. exf4 Bxf4 1/2-1/2

[Event "TCh-TUR Super League 2014"]
[Site "Kocaeli TUR"]
[Date "2014.08.22"]
[Round "6.1"]
[Board "6"]
[White "Gvetadze, Sofio"]
[Black "Melia, Salome"]
[Result "1/2-1/2"]
[WhiteTitle "IM"]
[BlackTitle "IM"]
[WhiteElo "2361"]
[BlackElo "2475"]
[WhiteTeam "Tarsus Zeka Satranc Kulubu"]
[BlackTeam "Turk Hava Yollari Spor Kulubu"]
[WhiteFideId "13601440"]
[BlackFideId "13602446"]
[EventDate "2014.08.18"]

1. e4 c5 2. Nf3 Nc6 3. Bb5 g6 4. Bxc6 bxc6 5. O-O Bg7 6. Re1 Nf6 7. Nc3 O-O 8.
d3 d6 9. e5 Nd5 10. exd6 exd6 11. Nxd5 cxd5 12. Bg5 Qb6 13. Rb1 Be6 14. Qd2 d4
15. b3 Bd5 1/2-1/2

[Event "TCh-TUR Super League 2014"]
[Site "Kocaeli TUR"]
[Date "2014.08.22"]
[Round "6.1"]
[Board "7"]
[White "Soysal, Serkan"]
[Black "Komut, Burak"]
[Result "1-0"]
[WhiteElo "2261"]
[BlackElo "1951"]
[WhiteTeam "Turk Hava Yollari Spor Kulubu"]
[BlackTeam "Tarsus Zeka Satranc Kulubu"]
[WhiteFideId "6349250"]
[BlackFideId "6309984"]
[EventDate "2014.08.18"]

1. Nf3 d5 2. d4 Nf6 3. c4 e6 4. e3 Nbd7 5. Nbd2 Be7 6. b3 O-O 7. Bd3 b6 8. Bb2
Bb7 9. Qc2 c5 10. Rd1 cxd4 11. exd4 Rc8 12. O-O Qc7 13. Rfe1 Rfd8 14. a3 a5 15.
Qb1 h6 16. h3 a4 17. cxd5 Nxd5 18. Rc1 Qb8 19. bxa4 Qa8 20. Bb5 Rxc1 21. Rxc1
Bd6 22. Qd3 Nf4 23. Qb3 Bd5 24. Qc3 Nf6 25. h4 g5 26. hxg5 hxg5 27. g3 Nh3+ 28.
Kg2 g4 29. Bc6 Qa6 30. Bxd5 Nxd5 31. Qc4 Qa8 32. Qc6 Nhf4+ 33. gxf4 Nxf4+ 34.
Kf1 gxf3 35. Qxa8 Rxa8 36. Rc6 Be7 37. Nc4 Rxa4 38. Nxb6 Ra6 39. Nc8 Ra8 40.
Nxe7+ Kf8 41. Rc8+ Rxc8 42. Nxc8 Ke8 43. Nd6+ Ke7 44. Nc4 Nd3 45. Bc3 f6 46. Nd2 1-0

[Event "TCh-TUR Super League 2014"]
[Site "Kocaeli TUR"]
[Date "2014.08.22"]
[Round "6.1"]
[Board "8"]
[White "Kaplan, Ebru"]
[Black "Ozturk, Hilal"]
[Result "1/2-1/2"]
[WhiteElo "1882"]
[BlackElo "1816"]
[WhiteTeam "Tarsus Zeka Satranc Kulubu"]
[BlackTeam "Turk Hava Yollari Spor Kulubu"]
[WhiteFideId "6315194"]
[BlackFideId "6315330"]
[EventDate "2014.08.18"]

1. e4 e5 2. Nf3 Nc6 3. Bb5 a6 4. Ba4 d6 5. O-O Bd7 6. c3 g6 7. h3 Bg7 8. d4 Nge7
9. Be3 O-O 10. Nbd2 h6 11. dxe5 dxe5 12. Re1 b5 13. Bc2 Nc8 14. Nb3 Nd6 15. Nc5
Qe7 16. a4 Rfd8 17. Nxd7 Qxd7 18. axb5 axb5 19. Rxa8 Rxa8 20. Qd2 Kh7 21. Qd5
Rd8 22. Rd1 Qe8 23. Qb3 Na5 24. Qb4 Nc6 25. Qa3 Nc4 26. Rxd8 Nxd8 27. Qa7 Qc6
28. b3 Nd6 29. Qc5 Qxc5 30. Bxc5 Ne6 31. Be3 Kg8 32. Nh4 Kf8 33. g3 Ke7 34. Ng2
Kd7 35. h4 Kc6 36. Bd2 Nc5 37. f3 h5 38. Kf2 Kd7 39. Ne1 f5 40. Be3 Kc6 41. Nd3
Ncxe4+ 42. fxe4 Nxe4+ 43. Kf3 Nxc3 44. Nc5 Kd5 45. b4 Kd6 46. Bb3 Nd5 47. Nb7+
Kc6 48. Nd8+ Kd7 49. Bxd5 Kxd8 50. Bf7 Ke7 51. Bxg6 Kf6 52. Bxh5 Bf8 53. Bc5 Bh6
54. Be8 e4+ 55. Ke2 Ke5 56. Bxb5 f4 57. g4 f3+ 58. Kf2 Bd2 59. Be7 Bc3 60. Bd8
Kf4 61. Bxc7+ Kxg4 62. Bd7+ Kxh4 63. Bd8+ Kh5 64. b5 Bd4+ 65. Kg3 Be5+ 66. Kf2
Bd4+ 67. Kf1 e3 68. Ba5 Kh4 69. Be1+ Kg5 70. Ba5 Kh4 71. Be1+ Kg5 72. Ba5 1/2-1/2

[Event "TCh-TUR Super League 2014"]
[Site "Kocaeli TUR"]
[Date "2014.08.22"]
[Round "6.1"]
[Board "9"]
[White "Eren, Ataberk"]
[Black "Sevgi, Volkan"]
[Result "0-1"]
[BlackTitle "FM"]
[WhiteElo "1799"]
[BlackElo "2142"]
[WhiteTeam "Turk Hava Yollari Spor Kulubu"]
[BlackTeam "Tarsus Zeka Satranc Kulubu"]
[WhiteFideId "6349765"]
[BlackFideId "6325335"]
[EventDate "2014.08.18"]

1. e4 d5 2. exd5 Qxd5 3. Nc3 Qd6 4. g3 Nf6 5. d4 Bg4 6. Qd3 Nc6 7. h3 Nb4 8. Qd2
Bf5 9. Bb5+ c6 10. Ba4 Ne4 11. Nxe4 Bxe4 12. Rh2 O-O-O 13. a3 Na6 14. Ne2 e5 15.
dxe5 Qxe5 16. Qc3 Bd6 17. Be3 Rhe8 18. Bb3 Bf3 19. Nd4 Qe4 20. Bc4 Bxg3 21. fxg3
Rxd4 22. Bxa6 bxa6 23. Kf2 Rc4 24. Qb3 Rxc2+ 25. Kg1 Rxh2 26. Kxh2 Qxe3 27. Qxe3
Rxe3 28. Kg1 Bd5 29. Rd1 Rxg3+ 30. Kf2 Rg2+ 31. Kf1 Rxb2 0-1

[Event "TCh-TUR Super League 2014"]
[Site "Kocaeli TUR"]
[Date "2014.08.22"]
[Round "6.1"]
[Board "10"]
[White "Okuyaz, Duru"]
[Black "Kaymaz, Lena Nur"]
[Result "1-0"]
[WhiteTitle "WCM"]
[WhiteElo "1888"]
[BlackElo "1687"]
[WhiteTeam "Tarsus Zeka Satranc Kulubu"]
[BlackTeam "Turk Hava Yollari Spor Kulubu"]
[WhiteFideId "6346022"]
[BlackFideId "6359990"]
[EventDate "2014.08.18"]

1. e4 d5 2. exd5 Qxd5 3. Nc3 Qa5 4. d4 Nf6 5. Nf3 c6 6. Bd2 Bf5 7. Bc4 e6 8. O-O
Bb4 9. a3 Bxc3 10. Bxc3 Qc7 11. h3 O-O 12. Ne5 Nbd7 13. f4 Nd5 14. Qe2 h6 15.
Bxd5 cxd5 16. Rac1 Rfc8 17. Rf3 Nf6 18. g4 Be4 19. Rg3 g6 20. h4 Kh7 21. h5 Rg8
22. hxg6+ fxg6 23. Qh2 Kg7 24. Bd2 Rh8 25. Rc3 Qd8 26. Qe2 h5 27. g5 Ng4 28. Qb5
Rb8 29. Nd7 a6 30. Qb6 Qxb6 31. Nxb6 Rbf8 32. Rh3 h4 33. c4 dxc4 34. Rxc4 Bf5
35. Bc3 Ne5 36. Rc7+ Rf7 37. Rxf7+ Kxf7 38. Rh1 Ng4 39. d5 Rh7 40. d6 e5 1-0

[Event "TCh-TUR Super League 2014"]
[Site "Kocaeli TUR"]
[Date "2014.08.22"]
[Round "6.2"]
[Board "2"]
[White "Solak, Dragan"]
[Black "Eljanov, Pavel"]
[Result "1/2-1/2"]
[WhiteTitle "GM"]
[BlackTitle "GM"]
[WhiteElo "2632"]
[BlackElo "2723"]
[WhiteTeam "Besiktas Jimnastik Kulubu"]
[BlackTeam "Denizsu Aquamatch Satranc Genclik VE Spor Kulubu"]
[WhiteFideId "916811"]
[BlackFideId "14102951"]
[EventDate "2014.08.18"]

1. e4 c6 2. Nc3 d5 3. Nf3 Nf6 4. e5 Ne4 5. Ne2 Qb6 6. d4 e6 7. Ng3 c5 8. Bd3
Nxg3 9. hxg3 cxd4 10. a3 Nc6 11. b4 Bd7 12. Bf4 h6 13. g4 O-O-O 14. O-O g5 15.
Bg3 Be7 16. Qd2 Rdg8 17. Be2 h5 18. Rfe1 hxg4 19. Nh2 Rh5 20. Bxg4 Rh7 21. Be2
Rgh8 22. Bd3 Rh5 23. f3 Qc7 24. Nf1 Bf8 25. Kf2 Bg7 26. Qe2 Ne7 27. Nd2 Ng6 28.
Bxg6 fxg6 29. Qd3 Qc3 30. Nb3 g4 31. Nxd4 Qxd3 32. cxd3 gxf3 33. gxf3 Bh6 34.
Kg2 Bg5 35. f4 Bd8 36. Rac1+ Kb8 37. Rh1 Bb6 38. Bf2 Bd8 39. Rxh5 Rxh5 40. Kf3
Rh3+ 41. Ke2 g5 42. fxg5 Bxg5 43. Rg1 Bf4 44. Rg8+ Kc7 45. Rg6 Rh6 46. Rxh6 Bxh6
47. Be3 Bf8 48. Kd2 Be7 49. Nf3 Be8 50. Bg5 Bf8 51. Nd4 Kd7 52. Nb5 Bg7 53. Bf4
a6 54. Nd6 b6 55. a4 Bh5 56. d4 Bf8 57. Bg5 Bxd6 1/2-1/2

[Event "TCh-TUR Super League 2014"]
[Site "Kocaeli TUR"]
[Date "2014.08.22"]
[Round "6.2"]
[Board "3"]
[White "Esen, Baris"]
[Black "Mamedov, Rauf"]
[Result "0-1"]
[WhiteTitle "GM"]
[BlackTitle "GM"]
[WhiteElo "2589"]
[BlackElo "2659"]
[WhiteTeam "Denizsu Aquamatch Satranc Genclik VE Spor Kulubu"]
[BlackTeam "Besiktas Jimnastik Kulubu"]
[WhiteFideId "6302114"]
[BlackFideId "13401653"]
[EventDate "2014.08.18"]

1. d4 g6 2. e4 Bg7 3. c4 d6 4. Ne2 c5 5. d5 Nf6 6. Nec3 O-O 7. Be2 e6 8. Be3
exd5 9. cxd5 Re8 10. Nd2 a6 11. a4 h5 12. h3 Nbd7 13. Qc2 Nh7 14. O-O Bd4 15.
Nd1 Qe7 16. Re1 Ndf6 17. Bxd4 cxd4 18. Qd3 Ng5 19. Qxd4 Nfxe4 20. Nxe4 Qxe4 21.
Qxe4 Rxe4 22. Ne3 Bd7 23. Nc4 Rae8 24. Kf1 Nf3 25. gxf3 Bxh3+ 26. Kg1 Rxe2 27.
Rxe2 Rxe2 28. b4 b5 29. axb5 axb5 30. Nxd6 Rd2 31. Ra8+ Kg7 32. Ne8+ Kh6 33. Nc7
Rd1+ 34. Kh2 Bf1 35. Rf8 Kg7 36. Rb8 Be2 37. Ne8+ Kh6 38. Nd6 Rxd5 39. Nxf7+ Kg7
40. Rb7 Kf6 41. f4 Rd4 42. Kg3 Rd3+ 43. Kh2 Rf3 44. Ng5 Rxf4 45. Nh7+ Ke6 46.
Rb6+ Kd5 47. Rxg6 Rxf2+ 48. Kg1 Rf4 49. Ng5 Rxb4 50. Kf2 Bg4 51. Rg8 Ke5 52.
Re8+ Kf4 53. Rf8+ 0-1

[Event "TCh-TUR Super League 2014"]
[Site "Kocaeli TUR"]
[Date "2014.08.22"]
[Round "6.2"]
[Board "4"]
[White "Atakisi, Umut"]
[Black "Citak, Selim"]
[Result "1/2-1/2"]
[WhiteTitle "IM"]
[BlackTitle "FM"]
[WhiteElo "2343"]
[BlackElo "2340"]
[WhiteTeam "Besiktas Jimnastik Kulubu"]
[BlackTeam "Denizsu Aquamatch Satranc Genclik VE Spor Kulubu"]
[WhiteFideId "6301037"]
[BlackFideId "6301819"]
[EventDate "2014.08.18"]

1. e4 e5 2. Nf3 Nc6 3. d4 exd4 4. Bc4 Nf6 5. e5 d5 6. Bb5 Nd7 7. O-O Be7 8. Re1
O-O 9. Bxc6 bxc6 10. Nxd4 Nb8 11. Qd3 c5 12. Nf5 Bxf5 13. Qxf5 Nc6 14. Nc3 Nd4
15. Qd3 c6 16. Ne2 1/2-1/2

[Event "TCh-TUR Super League 2014"]
[Site "Kocaeli TUR"]
[Date "2014.08.22"]
[Round "6.2"]
[Board "6"]
[White "Ozturk, Kubra"]
[Black "Dzagnidze, Nana"]
[Result "1-0"]
[WhiteTitle "WGM"]
[BlackTitle "GM"]
[WhiteElo "2291"]
[BlackElo "2550"]
[WhiteTeam "Besiktas Jimnastik Kulubu"]
[BlackTeam "Denizsu Aquamatch Satranc Genclik VE Spor Kulubu"]
[WhiteFideId "6302599"]
[BlackFideId "13601903"]
[EventDate "2014.08.18"]

1. d4 Nf6 2. c4 e6 3. Nc3 Bb4 4. e3 c5 5. Ne2 cxd4 6. exd4 d5 7. a3 Be7 8. cxd5
Nxd5 9. Nxd5 exd5 10. Nf4 Nc6 11. Be3 Bf6 12. Bd3 Be6 13. O-O O-O 14. Nh5 a6 15.
Rc1 Re8 16. Qf3 Bh4 17. Qf4 f5 18. g3 Bf6 19. Bxf5 Bxf5 20. Qxf5 Bxd4 21. Rxc6
Bxe3 22. fxe3 Rf8 23. Qxf8+ 1-0

[Event "TCh-TUR Super League 2014"]
[Site "Kocaeli TUR"]
[Date "2014.08.22"]
[Round "6.2"]
[Board "7"]
[White "Firat, Burak"]
[Black "Fedoseev, Vladimir3"]
[Result "1/2-1/2"]
[WhiteTitle "IM"]
[BlackTitle "GM"]
[WhiteElo "2456"]
[BlackElo "2672"]
[WhiteTeam "Denizsu Aquamatch Satranc Genclik VE Spor Kulubu"]
[BlackTeam "Besiktas Jimnastik Kulubu"]
[WhiteFideId "6305881"]
[BlackFideId "24130737"]
[EventDate "2014.08.18"]

1. e4 e5 2. Nf3 Nc6 3. Bb5 Nf6 4. O-O Nxe4 5. Re1 Nd6 6. Nxe5 Nxe5 7. Rxe5+ Be7
8. Bf1 O-O 9. Nc3 Ne8 10. Nd5 Bd6 11. Re1 c6 12. Ne3 Bc7 13. Nf5 d5 14. Ne7+ Kh8
15. Nxc8 Rxc8 16. d4 Qd7 17. Qf3 Nd6 18. Bd3 Rce8 19. Bf4 f5 20. Rxe8 Rxe8 21.
c3 Bb8 22. Bxd6 Qxd6 23. g3 g6 24. Kg2 Kg7 25. Rd1 h5 26. Kf1 Qe6 27. Qe2 Qd7
28. Qf3 Rf8 29. h3 f4 30. g4 hxg4 31. hxg4 Rh8 32. Ke2 Rh2 33. Rh1 Qe6+ 34. Kd1
Rxh1+ 35. Qxh1 Qxg4+ 36. f3 Qg3 37. Qf1 Bd6 38. Qe2 Kf7 39. Kc2 a5 40. a4 Be7
41. Kb3 Bf6 42. Ka2 Qh3 43. Bc2 g5 44. Qd3 Ke7 45. Qe2+ Kd8 46. Bg6 Qd7 47. Qc2
Kc7 48. Qf5 Qg7 49. Qd3 Kb6 50. Bf5 Qe7 51. Kb1 Qe1+ 52. Ka2 Qe3 53. Qd1 Ka7 54.
Bg4 Qe7 55. Bf5 Qe8 56. Bg4 Qd8 57. Be6 Qb6 58. Bf5 Qa6 59. Bd3 Qb6 60. Bf5 Qc7
61. Be6 Qh7 62. Bg4 Qg8 63. Qe2 Qh8 64. Qd1 Bd8 65. Bf5 Qf8 66. Bg4 Qe8 67. Bh3
Kb8 68. Bg4 Bc7 69. Bh3 Ka8 70. Bg4 Ka7 71. Bh3 Qb8 72. Bd7 Bd6 73. Ka1 Bf8 74.
Ka2 Bg7 75. Qd3 Qh8 76. Qd1 Qg8 77. Qe2 Qd8 78. Bg4 Qb6 79. Qd1 Qa6 80. Bf5 Qc4+
81. Ka1 b5 82. Qe1 Bf6 83. Qe6 Qxa4+ 84. Kb1 Qd1+ 85. Ka2 Bxd4 86. Qxc6 1/2-1/2

[Event "TCh-TUR Super League 2014"]
[Site "Kocaeli TUR"]
[Date "2014.08.22"]
[Round "6.2"]
[Board "8"]
[White "Soylemez, Cansu"]
[Black "Patel, Yesim"]
[Result "1/2-1/2"]
[BlackTitle "WCM"]
[WhiteElo "1919"]
[BlackElo "1882"]
[WhiteTeam "Besiktas Jimnastik Kulubu"]
[BlackTeam "Denizsu Aquamatch Satranc Genclik VE Spor Kulubu"]
[WhiteFideId "6315429"]
[BlackFideId "6300200"]
[EventDate "2014.08.18"]

1. d4 d5 2. c4 e6 3. Nc3 c6 4. cxd5 exd5 5. Qc2 Na6 6. a3 Nc7 7. Nf3 g6 8. Bg5
Be7 9. Bxe7 Nxe7 10. e3 Bf5 11. Bd3 Bxd3 12. Qxd3 O-O 13. O-O Nf5 14. Rac1 Re8
15. b4 Nd6 16. Nd2 Qe7 17. Na4 Kg7 18. Nc5 a5 19. Rb1 axb4 20. Rxb4 Na6 21. Rb3
Nxc5 22. dxc5 Nb5 23. Rc1 Ra7 24. Nb1 Rea8 25. Qd2 Qf6 26. Qb2 d4 27. exd4 Nxd4
28. Rb4 Nb5 29. Qxf6+ Kxf6 30. g3 Rd8 31. Kg2 Rd4 32. Rxd4 Nxd4 33. Rc4 Ne6 34.
a4 Ra5 35. Nd2 Ra7 36. f4 Ke7 37. Ne4 f5 38. Nd2 Ra8 39. Nb3 Rd8 40. Rb4 Rd7 41.
Kf2 Kd8 42. Ke3 Kc7 43. a5 Rd5 44. Rc4 Kb8 45. Rc3 Ka7 46. Rd3 Ka6 47. Rxd5 cxd5
48. Kd3 Nc7 49. Kd4 Kb5 50. Kc3 Na6 51. Kd4 Kb4 52. Nc1 Nc7 53. Na2+ Kb5 54.
Nc3+ Kc6 55. h3 Ne6+ 56. Ke5 d4 57. Nd1 Nxc5 58. Kxd4 Kd6 59. Kc4 h5 60. Nc3 Ne6
61. h4 Kc6 62. Nd5 Kd6 63. Nc3 Nf8 64. Nb5+ Kc6 65. Nd4+ Kd6 66. Nf3 Nd7 67. Kd4
Nf6 68. Ng5 Kc6 69. Kc4 Ne4 70. Nxe4 fxe4 71. Kd4 Kb5 72. Kxe4 Kxa5 73. f5 gxf5+
74. Kxf5 b5 75. g4 hxg4 76. h5 g3 77. h6 g2 78. h7 g1=Q 79. h8=Q Qf2+ 80. Ke4
Qe2+ 81. Kf5 Qf3+ 82. Ke6 Qe4+ 83. Kd6 Qb4+ 84. Ke6 Qc4+ 85. Kd6 Qd3+ 86. Ke6
Kb4 87. Qf8+ Kb3 88. Qa8 b4 89. Qb7 Qc4+ 90. Ke5 Qc3+ 91. Ke4 Kb2 92. Qb5 b3 93.
Qa6 Qc2+ 94. Ke3 Kb1 95. Qa5 b2 96. Qb4 Qc1+ 97. Kd3 Qd1+ 98. Ke3 Qg1+ 99. Kd2
Qg2+ 100. Kd3 Qd5+ 101. Ke2 Qe6+ 102. Kd3 Qa6+ 103. Kc3 Qc6+ 104. Kd3 Qd5+ 105.
Kc3 Qe5+ 106. Kd3 Qg3+ 107. Kd2 Qf2+ 108. Kd3 Qc2+ 109. Ke3 Qc1+ 110. Kd3 Qf1+
111. Kd2 Qf2+ 112. Kd3 Qg3+ 113. Kd2 Qg5+ 114. Kc3 Qf6+ 115. Kd3 Qd8+ 116. Kc3
Qc7+ 117. Kd3 Qd7+ 118. Kc3 Qc6+ 119. Kb3 Qc2+ 120. Ka3 Ka1 121. Qd4 Qc1 122.
Kb3 Qd1+ 123. Qxd1+ b1=Q+ 124. Qxb1+ Kxb1 1/2-1/2

[Event "TCh-TUR Super League 2014"]
[Site "Kocaeli TUR"]
[Date "2014.08.22"]
[Round "6.2"]
[Board "9"]
[White "Tuncer, Tuna"]
[Black "Gokerkan, Cem Kaan"]
[Result "1-0"]
[WhiteElo "1996"]
[BlackElo "2052"]
[WhiteTeam "Denizsu Aquamatch Satranc Genclik VE Spor Kulubu"]
[BlackTeam "Besiktas Jimnastik Kulubu"]
[WhiteFideId "6349269"]
[BlackFideId "6336760"]
[EventDate "2014.08.18"]

1. e4 c5 2. Nf3 d6 3. d4 cxd4 4. Nxd4 Nf6 5. Nc3 a6 6. Bg5 e6 7. f4 Be7 8. Qf3
Qc7 9. O-O-O Nbd7 10. g4 b5 11. Bxf6 gxf6 12. f5 Ne5 13. Qh3 b4 14. Nce2 exf5
15. Nxf5 Bxf5 16. exf5 Qc4 17. Kb1 Qxg4 18. Qb3 Qc4 19. Qg3 Qg4 20. Qb3 Qc4 21.
Qe3 Qc5 22. Qe4 Qc6 23. Rd5 Kd7 24. Bg2 Qb6 25. Nf4 Rab8 26. Rhd1 Rhe8 27. Rxe5
fxe5 28. Nd5 Qc5 29. f6 Bf8 30. Qxh7 Kc6 31. Qxf7 Rec8 32. Nc3+ Kb6 33. Na4+ Ka5
34. Nxc5 Rxc5 35. Rd5 Rxd5 36. Qc7+ Rb6 37. Bxd5 e4 38. Qd8 Bh6 39. f7 e3 40.
f8=Q Bxf8 41. Qxf8 e2 42. Qf2 Rb5 43. Bc4 Re5 44. Bxe2 Rc5 45. Qxc5+ dxc5 46. h4
c4 47. h5 c3 48. h6 1-0

[Event "TCh-TUR Super League 2014"]
[Site "Kocaeli TUR"]
[Date "2014.08.22"]
[Round "62"]
[Board "10"]
[White "Arda, Cagil Irmak"]
[Black "Vatansever, Buse"]
[Result "0-1"]
[WhiteTitle "WCM"]
[WhiteElo "1872"]
[BlackElo "1686"]
[WhiteTeam "Besiktas Jimnastik Kulubu"]
[BlackTeam "Denizsu Aquamatch Satranc Genclik VE Spor Kulubu"]
[WhiteFideId "6351700"]
[BlackFideId "6324746"]
[EventDate "2014.08.18"]

1. e4 c6 2. d4 d5 3. exd5 cxd5 4. c4 Nf6 5. Nc3 Nc6 6. Bg5 Be6 7. a3 Qd7 8. Bxf6
exf6 9. c5 g5 10. Bb5 Bg7 11. Nge2 h5 12. b4 h4 13. h3 f5 14. a4 a6 15. Bxc6
bxc6 16. Qd3 Bf6 17. Rb1 f4 18. Rb2 Bf5 19. Qd2 Rb8 20. Kd1 O-O 21. Rg1 Kh7 22.
Nc1 f3 23. gxf3 Bxh3 24. f4 Bg4+ 25. N1e2 Qf5 26. f3 Bxf3 27. fxg5 Rg8 28. Qe1
Bxg5 29. Qf2 Rbe8 30. Ke1 Qh3 31. Rf1 Bxe2 32. Nxe2 Qc3+ 33. Kd1 Qxb2 34. Qxf7+
Kh6 35. Nf4 Qxd4+ 36. Kc1 Bxf4+ 37. Rxf4 Qc3+ 0-1

[Event "TCh-TUR Super League 2014"]
[Site "Kocaeli TUR"]
[Date "2014.08.22"]
[Round "6.3"]
[Board "1"]
[White "Yilmaz, Mustafa"]
[Black "Dubov, Daniil"]
[Result "0-1"]
[WhiteTitle "GM"]
[BlackTitle "GM"]
[WhiteElo "2569"]
[BlackElo "2614"]
[WhiteTeam "Hatay Buyuksehir Belediye Genclik VE Spor Kulubu"]
[BlackTeam "Ankara Demirspor Kulubu"]
[WhiteFideId "6302718"]
[BlackFideId "24126055"]
[EventDate "2014.08.18"]

1. d4 e6 2. e4 d5 3. e5 c5 4. c3 Nc6 5. Nf3 Qb6 6. a3 Nh6 7. b4 cxd4 8. Bxh6
gxh6 9. cxd4 Bg7 10. Nc3 O-O 11. b5 Qa5 12. Qd2 Ne7 13. Bd3 Bd7 14. O-O Ng6 15.
Rfc1 Rfc8 16. g3 Rc7 17. Ne2 Rxc1+ 18. Rxc1 Qxa3 19. Rc7 Bxb5 20. Bxb5 Qxf3 21.
Rxb7 a5 22. Ba4 Bf8 23. Rb3 Bb4 24. Qc2 Qg4 25. f3 Qg5 26. f4 Qg4 27. Kg2 Ne7
28. h3 Qg6 29. Qxg6+ hxg6 30. Nc1 Rc8 31. Nd3 Rc4 32. Nxb4 axb4 33. Bb5 Rxd4 34.
Kf2 g5 35. fxg5 hxg5 36. Bd3 Nf5 37. h4 gxh4 38. Bxf5 exf5 39. gxh4 Rxh4 40. Rd3
Rh6 41. Ke2 Re6 42. Kf3 Rb6 43. Rxd5 b3 44. Rd1 b2 45. Rb1 Rb4 0-1

[Event "TCh-TUR Super League 2014"]
[Site "Kocaeli TUR"]
[Date "2014.08.22"]
[Round "6.3"]
[Board "2"]
[White "Onischuk, Vladimir"]
[Black "Amonatov, Farrukh"]
[Result "1-0"]
[WhiteTitle "GM"]
[BlackTitle "GM"]
[WhiteElo "2593"]
[BlackElo "2590"]
[WhiteTeam "Ankara Demirspor Kulubu"]
[BlackTeam "Hatay Buyuksehir Belediye Genclik VE Spor Kulubu"]
[WhiteFideId "14114038"]
[BlackFideId "14700077"]
[EventDate "2014.08.18"]

1. e4 c5 2. Nf3 d6 3. d4 cxd4 4. Nxd4 Nf6 5. Nc3 a6 6. Be2 e5 7. Nb3 Be7 8. Bg5
Be6 9. Bxf6 Bxf6 10. Qd3 Nc6 11. O-O-O Qb6 12. Nd5 Bxd5 13. exd5 Nd4 14. Nxd4
Qxd4 15. Qxd4 exd4 16. f4 O-O-O 17. Bd3 Rde8 18. Rdf1 h5 19. Kd2 Kc7 20. a4 h4
21. a5 g5 22. Kd1 g4 23. b4 g3 24. hxg3 hxg3 25. Rxh8 Rxh8 26. Ke2 Re8+ 27. Kf3
Re3+ 28. Kg4 Kd8 29. Kf5 Bg7 30. Rh1 Ke7 31. Rb1 Kd8 32. b5 axb5 33. Rxb5 Kc7
34. Rb1 Re8 35. Kg4 Bf6 36. Kxg3 Ra8 37. Ra1 Kd8 38. Kf3 Ke8 39. Rb1 Ra7 40. g4
Bd8 41. g5 Bxa5 42. f5 f6 43. g6 b6 44. Rh1 Re7 45. Rh8+ Kd7 46. Bb5+ Kc7 47.
Rh7 1-0

[Event "TCh-TUR Super League 2014"]
[Site "Kocaeli TUR"]
[Date "2014.08.22"]
[Round "6.3"]
[Board "3"]
[White "Kazhgaleyev, Murtas"]
[Black "Baklan, Vladimir"]
[Result "1/2-1/2"]
[WhiteTitle "GM"]
[BlackTitle "GM"]
[WhiteElo "2563"]
[BlackElo "2655"]
[WhiteTeam "Hatay Buyuksehir Belediye Genclik VE Spor Kulubu"]
[BlackTeam "Ankara Demirspor Kulubu"]
[WhiteFideId "13700316"]
[BlackFideId "14102196"]
[EventDate "2014.08.18"]

1. e4 e6 2. d4 d5 3. Nd2 dxe4 4. Nxe4 Nd7 5. g3 b6 6. Bg2 Rb8 7. Ne2 Bb7 8. O-O
Ngf6 9. Qd3 Nxe4 10. Bxe4 Bxe4 11. Qxe4 Nf6 12. Qc6+ Qd7 13. Qxd7+ Kxd7 14. b3
Be7 15. Bb2 Rhd8 16. Nf4 Ke8 17. Rad1 Nd5 18. Nxd5 exd5 1/2-1/2